Panfish Species - Statistics

General Stats
  • This quiz has been taken 9 times
  • The average score is 5 of 12
Answer Stats
Picture Answer % Correct
Bluegill
100%
White Crappie
88%
Black Crappie
75%
Green Sunfish
50%
Warmouth
50%
Redear Sunfish
38%
Longear Sunfish
25%
Redbreast Sunfish
25%
Banded Sunfish
13%
Bluespotted Sunfish
13%
Dollar Sunfish
0%
Pumpkinseed Sunfsh
0%
No matching quizzes found
Score Distribution
Percent of People with Each Score
Percentile by Number Answered
Your Score History
You have not taken this quiz